[Event "World Blitz 2016"]
[Site "Doha QAT"]
[Date "2016.12.29"]
[Round "6.34"]
[White "Salinas Herrera, Pablo"]
[Black "Kozul, Zdenko"]
[Result "1-0"]
[WhiteTitle "IM"]
[BlackTitle "GM"]
[WhiteElo "2466"]
[BlackElo "2613"]
[WhiteFideId "3407128"]
[BlackFideId "14502879"]
[EventDate "2016.12.29"]

1. e4 c5 2. Nf3 d6 3. Bb5+ Bd7 4. Bxd7+ Nxd7 5. O-O Ngf6 6. Qe2 e6 7. b3 Be7 8.
Bb2 O-O 9. d4 cxd4 10. Nxd4 Nc5 11. Nd2 a6 12. c4 Re8 13. Rad1 Qa5 14. a3 Qc7
15. f4 Rac8 16. Kh1 Qb8 17. e5 dxe5 18. fxe5 Nfd7 19. Rde1 Qc7 20. b4 Na4 21.
Ba1 Ndb6 22. c5 Nd5 23. Ne4 Rcd8 24. Nd6 Bxd6 25. exd6 Qd7 26. Qg4 f5 27. Qf3
Nf6 28. Qb3 Ne4 29. Nxf5 Nd2 30. Nh6+ Kh8 31. Rf7 Rg8 32. Rxd7 Nxb3 33. Nf7# 1-0

[Event "World Blitz 2016"]
[Site "Doha QAT"]
[Date "2016.12.29"]
[Round "6.35"]
[White "Neelotpal, Das"]
[Black "Khusnutdinov, Rustam"]
[Result "0-1"]
[WhiteTitle "GM"]
[BlackTitle "GM"]
[WhiteElo "2463"]
[BlackElo "2458"]
[WhiteFideId "5003512"]
[BlackFideId "13701703"]
[EventDate "2016.12.29"]

1. e4 e6 2. d4 d5 3. Nc3 Nf6 4. Bg5 Be7 5. e5 Nfd7 6. h4 Nc6 7. Qg4 f6 8. exf6
Nxf6 9. Qd1 O-O 10. Nf3 Bd7 11. Bd3 Be8 12. Qe2 Qd6 13. h5 h6 14. Bxf6 Bxf6 15.
Qe3 Nb4 16. O-O-O c5 17. dxc5 Qe7 18. Kb1 Nc6 19. Ne2 e5 20. c4 e4 21. cxd5 exd3
22. Qxd3 Nb4 23. Qc4 Bf7 24. Nf4 a5 25. Rhe1 Qd7 26. Ne6 Rfe8 27. Ne5 Bxe5 28.
Rxe5 Bxe6 0-1

[Event "World Blitz 2016"]
[Site "Doha QAT"]
[Date "2016.12.29"]
[Round "6.37"]
[White "Grandelius, Nils"]
[Black "Sanal, Vahap"]
[Result "1-0"]
[WhiteTitle "GM"]
[BlackTitle "GM"]
[WhiteElo "2643"]
[BlackElo "2474"]
[WhiteFideId "1710400"]
[BlackFideId "6300545"]
[EventDate "2016.12.29"]

1. d4 d6 2. g3 g6 3. Bg2 Bg7 4. c4 e5 5. Nf3 Nc6 6. d5 Nce7 7. Nc3 h6 8. O-O f5
9. e4 Nf6 10. exf5 gxf5 11. Nh4 O-O 12. f4 e4 13. Be3 c6 14. Kh1 a6 15. dxc6
bxc6 16. Qd2 Be6 17. b3 Qc7 18. Rfd1 Rfd8 19. Rac1 Qb7 20. Na4 c5 21. Bh3 Qc6
22. Qa5 Nd7 23. Rc2 Bf6 24. Rcd2 d5 25. Nxc5 d4 26. Nxe6 Qxe6 27. Nxf5 Nxf5 28.
Bxf5 Qc6 29. Rxd4 Bxd4 30. Rxd4 Rab8 31. Qd2 Rb7 32. Rd6 Qc7 33. Qd5+ Kf8 34.
Bxe4 1-0

[Event "World Blitz 2016"]
[Site "Doha QAT"]
[Date "2016.12.29"]
[Round "6.38"]
[White "Al-Sayed, Mohammed"]
[Black "Belyakov, Bogdan"]
[Result "0-1"]
[WhiteTitle "GM"]
[BlackTitle "IM"]
[WhiteElo "2508"]
[BlackElo "2487"]
[WhiteFideId "12100196"]
[BlackFideId "24104795"]
[EventDate "2016.12.29"]

1. d4 Nf6 2. Nf3 g6 3. Bg5 Bg7 4. Nbd2 O-O 5. c3 h6 6. Bxf6 Bxf6 7. h4 d5 8. e4
dxe4 9. Nxe4 Bg7 10. Bc4 Bg4 11. Qc2 Nc6 12. O-O-O Rb8 13. h5 gxh5 14. Ng3 b5
15. Bb3 Na5 16. Nxh5 Bxh5 17. Rxh5 Nxb3+ 18. Qxb3 b4 19. c4 Qd6 20. Qe3 b3 21.
axb3 Qa6 22. Rdh1 Rb6 23. c5 Re6 24. Qc3 Re2 25. Kb1 Rb8 26. Ne5 Qe6 27. Nc4
Qe4+ 28. Ka2 Qe6 29. R5h4 a5 30. Rf4 a4 31. bxa4 Rexb2+ 32. Ka3 Re2 33. Ra1 Qd5
34. Rg4 Kf8 35. g3 Qxc5+ 36. dxc5 Bxc3 37. Rc1 Bb4+ 38. Kb3 Bd2+ 39. Kc2 Bxc1+
40. Kxc1 Rxf2 41. Rh4 Rb4 42. Nb2 Rbxb2 0-1

[Event "World Blitz 2016"]
[Site "Doha QAT"]
[Date "2016.12.29"]
[Round "6.39"]
[White "Tissir, Mohamed"]
[Black "Bindrich, Falko"]
[Result "0-1"]
[WhiteTitle "IM"]
[BlackTitle "GM"]
[WhiteElo "2376"]
[BlackElo "2590"]
[WhiteFideId "9000240"]
[BlackFideId "4676670"]
[EventDate "2016.12.29"]

1. e4 e5 2. Nf3 Nc6 3. Bc4 Bc5 4. c3 Nf6 5. d3 d6 6. Bb3 a6 7. Nbd2 Ba7 8. Nf1
d5 9. exd5 Nxd5 10. Ng3 O-O 11. O-O Re8 12. Ng5 Be6 13. Nxe6 fxe6 14. Ne4 h6 15.
Qg4 Kh8 16. Qh3 Nf4 17. Bxf4 exf4 18. d4 e5 19. d5 Na5 20. Rad1 Nxb3 21. axb3
Qc8 22. Qh5 Qd7 23. Rfe1 Rf8 24. Qxe5 Rae8 25. Qh5 f3 26. gxf3 Re7 27. d6 Ref7
28. dxc7 Qxc7 29. Rd6 Rxf3 30. Re2 Bxf2+ 31. Kg2 R3f4 32. Re6 Ba7 33. Re8 Qc6
34. Rxf8+ Rxf8 35. c4 Rf4 36. Qd5 Qg6+ 37. Ng3 Rf8 38. Re6 Qc2+ 39. Re2 Qc1 40.
b4 Qg1+ 41. Kh3 Qb1 42. c5 Bb8 43. Qd4 Bxg3 44. Kxg3 Qf1 45. Re7 Qf3+ 46. Kh4
Rf4+ 0-1

[Event "World Blitz 2016"]
[Site "Doha QAT"]
[Date "2016.12.29"]
[Round "6.40"]
[White "Maghsoodloo, Parham"]
[Black "Tregubov, Pavel V."]
[Result "0-1"]
[WhiteTitle "GM"]
[BlackTitle "GM"]
[WhiteElo "2584"]
[BlackElo "2585"]
[WhiteFideId "12539929"]
[BlackFideId "4115341"]
[EventDate "2016.12.29"]

1. c4 c5 2. Nc3 Nc6 3. g3 g6 4. Bg2 Bg7 5. e3 e5 6. Nge2 Nge7 7. a3 O-O 8. Rb1
a5 9. O-O d6 10. d3 Be6 11. Nd5 Rb8 12. Nec3 Kh8 13. Bd2 Bd7 14. b4 axb4 15.
axb4 cxb4 16. Nb5 Be6 17. Nxb4 d5 18. c5 Nf5 19. e4 dxe4 20. Bxe4 Ncd4 21. Nc3
Qe7 22. Na4 Ra8 23. Nd5 Qd8 24. Nab6 Ra2 25. Kg2 Ne7 26. Nc3 Ra7 27. Nc4 Qc7 28.
Nd6 Qxc5 29. Nxb7 Qc7 30. Na4 Bd5 31. Nbc5 Bxe4+ 32. dxe4 Nec6 33. Nc3 Qd6 34.
Nb7 Qe7 35. Nd5 Qa3 36. Be3 f5 37. exf5 gxf5 38. Ra1 Qxa1 39. Qxa1 Rxa1 40. Rxa1 0-1

[Event "World Blitz 2016"]
[Site "Doha QAT"]
[Date "2016.12.29"]
[Round "6.41"]
[White "Halkias, Stelios"]
[Black "Gholami, Aryan"]
[Result "1/2-1/2"]
[WhiteTitle "GM"]
[BlackTitle "IM"]
[WhiteElo "2585"]
[BlackElo "2422"]
[WhiteFideId "4201809"]
[BlackFideId "12513342"]
[EventDate "2016.12.29"]

1. Nf3 Nf6 2. d4 e6 3. e3 b6 4. Bd3 Bb7 5. O-O c5 6. c4 Be7 7. Nc3 cxd4 8. exd4
O-O 9. d5 Na6 10. Bf4 d6 11. Re1 e5 12. Bd2 Nc5 13. Bc2 Rc8 14. Bf5 Ncd7 15. b3
g6 16. Bc2 Re8 17. Ng5 Bf8 18. Qf3 a6 19. a4 h6 20. Nge4 Nxe4 21. Nxe4 f5 22.
Qg3 Kh7 23. Nc3 Bg7 24. h4 Nf6 25. a5 b5 26. Bd3 e4 27. Bf1 bxc4 28. bxc4 Nh5
29. Qh3 Rc7 30. Rab1 Bc8 31. Be2 Nf6 32. Qg3 Rf7 33. Rb6 Rd7 34. Bf4 Bf8 35.
Reb1 Qc7 36. Rc6 Qd8 37. Rbb6 Bb7 38. Qe3 Bxc6 39. dxc6 Ra7 40. Nd5 Nxd5 41.
cxd5 Qc7 42. Bxa6 Rb8 43. Qb3 Rba8 44. Qb5 Bg7 45. Be3 Bc3 46. Rb7 Rxb7 47. cxb7
Rf8 48. Ba7 Be5 49. Qc6 Qxa5 50. b8=Q Rxb8 51. Bxb8 Qe1+ 52. Bf1 e3 53. Qd7+ Kh8
54. Qe8+ Kh7 55. Qe7+ Kh8 56. Qe8+ Kh7 57. Qe7+ Kh8 58. Qe8+ Kh7 59. Qe7+ 1/2-1/2

[Event "World Blitz 2016"]
[Site "Doha QAT"]
[Date "2016.12.29"]
[Round "6.42"]
[White "Xu, Yi"]
[Black "Perez Ponsa, Federico"]
[Result "1-0"]
[WhiteTitle "IM"]
[BlackTitle "GM"]
[WhiteElo "2430"]
[BlackElo "2585"]
[WhiteFideId "8605564"]
[BlackFideId "117927"]
[EventDate "2016.12.29"]

1. e4 c5 2. Nf3 Nc6 3. Bb5 d6 4. O-O Bd7 5. Re1 Nf6 6. c3 a6 7. Bf1 Bg4 8. d4
Bxf3 9. gxf3 g5 10. Be3 Nh5 11. Kh1 Nf4 12. dxc5 dxc5 13. Bxc5 Bg7 14. Nd2 Ne5
15. Bd4 O-O 16. Bxe5 Bxe5 17. Nc4 Qc7 18. Nxe5 Qxe5 19. Qd4 Qe6 20. Red1 Rad8
21. Qc5 Qf6 22. Qf5 Qxf5 23. exf5 Kg7 24. Rd4 Rxd4 25. cxd4 Rc8 26. h4 h6 27. b3
Rc2 28. Kg1 gxh4 29. a4 Rd2 30. Re1 Rxd4 31. Rxe7 Rd1 32. Re4 Nd5 33. Rg4+ Kf6
34. Rxh4 Kg5 35. Rc4 Kxf5 36. a5 Ke5 37. Rh4 Rb1 38. Rxh6 Rxb3 39. Rh5+ Kd6 40.
Bc4 Rb1+ 41. Kh2 Nf6 42. Rf5 Ke7 43. Re5+ Kf8 44. Rf5 Ke7 45. Re5+ Kf8 46. Rf5
Kg7 47. Rg5+ Kh6 48. Re5 Rb4 49. Bxf7 Kg7 50. Be6 Rb2 51. Kg3 Rb4 52. Bg4 Kf7
53. Rc5 Ke7 54. Rc7+ Kd6 55. Rf7 Nd5 56. Bc8 Ne7 57. Bg4 Rb5 58. f4 Rxa5 59. f5
Nc6 60. f6 Ra3+ 61. f3 b5 62. Rd7+ Kc5 63. f7 1-0

[Event "World Blitz 2016"]
[Site "Doha QAT"]
[Date "2016.12.29"]
[Round "6.43"]
[White "Amin, Bassem"]
[Black "Tari, Aryan"]
[Result "1/2-1/2"]
[WhiteTitle "GM"]
[BlackTitle "GM"]
[WhiteElo "2662"]
[BlackElo "2584"]
[WhiteFideId "10601457"]
[BlackFideId "1510045"]
[EventDate "2016.12.29"]

1. e4 c6 2. d4 d5 3. exd5 cxd5 4. c4 Nf6 5. Nc3 g6 6. Qb3 Bg7 7. cxd5 O-O 8. Be2
Na6 9. Bf3 Qb6 10. Nge2 Rd8 11. O-O Qxb3 12. axb3 Nb4 13. Ra5 Nd3 14. Be3 Bg4
15. Bxg4 Nxg4 16. Rd1 Nb4 17. Rb5 a5 18. Rxb7 Nxd5 19. Nxd5 Rxd5 20. Rxe7 Rb8
21. Nc1 Bf6 22. Ra7 Nxe3 23. fxe3 Re8 24. Kf2 Rc8 25. Nd3 Rc2+ 26. Kf3 Rf5+ 27.
Nf4 Rb5 28. Rd3 Rxb2 29. h3 R2xb3 30. Rxa5 Rxd3 31. Rxb5 Ra3 32. Rd5 h5 33. g4
hxg4+ 34. hxg4 Kf8 35. g5 Be7 36. Rb5 Ra1 37. Nd3 Rf1+ 38. Kg2 Rf5 39. Rxf5 gxf5
40. Kf3 Bxg5 41. Ne5 Ke7 42. Nc4 Ke6 43. Ne5 Bf6 44. Nd3 Kd5 45. Nb4+ Kc4 46.
Nc6 Kd5 47. Nb4+ Kc4 48. Nc2 Kc3 49. Na3 Kb4 50. Nc2+ Kc3 51. Na3 Kb4 52. Nb1
Kc4 53. Nd2+ Kd3 54. Nb3 Kc4 55. Na5+ Kd5 56. Nb3 Kc4 57. Nd2+ 1/2-1/2

[Event "World Blitz 2016"]
[Site "Doha QAT"]
[Date "2016.12.29"]
[Round "6.44"]
[White "Christiansen, Johan-Sebastian"]
[Black "Borisek, Jure"]
[Result "0-1"]
[WhiteTitle "IM"]
[BlackTitle "GM"]
[WhiteElo "2429"]
[BlackElo "2561"]
[WhiteFideId "1512668"]
[BlackFideId "14603152"]
[EventDate "2016.12.29"]

1. Nf3 c5 2. c4 Nc6 3. g3 g6 4. Bg2 Bg7 5. Nc3 d6 6. O-O Nf6 7. d4 cxd4 8. Nxd4
Bd7 9. Nc2 O-O 10. b3 a6 11. Bb2 Qa5 12. Qd2 Rfc8 13. Ne3 Rab8 14. a3 b5 15. b4
Qd8 16. cxb5 axb5 17. Rfd1 Ne5 18. Rac1 Bc6 19. Bxc6 Rxc6 20. a4 bxa4 21. b5 Nc4
22. Nxc4 Rxc4 23. Qd3 Rb4 24. Rc2 Qd7 25. Ra1 Ra8 26. Qd2 Rc4 27. Qd3 Rb4 28.
Qd2 Qf5 29. Rac1 a3 30. Ba1 h5 31. Kg2 h4 32. f3 h3+ 33. Kg1 Qe6 34. e4 Rb3 35.
Rf1 Rc8 36. Ne2 Rxc2 37. Qxc2 Rb4 38. Bc3 Qb3 39. Qd2 Rc4 40. Ba1 a2 41. Nd4 Qb1
42. Qb2 Qxb2 43. Bxb2 Nxe4 44. fxe4 Rxd4 45. b6 Rb4 46. Bxg7 Kxg7 0-1

[Event "World Blitz 2016"]
[Site "Doha QAT"]
[Date "2016.12.29"]
[Round "6.45"]
[White "Mareco, Sandro"]
[Black "Henriquez Villagra, Cristobal"]
[Result "1-0"]
[WhiteTitle "GM"]
[BlackTitle "IM"]
[WhiteElo "2635"]
[BlackElo "2517"]
[WhiteFideId "112275"]
[BlackFideId "3409350"]
[EventDate "2016.12.29"]

1. Nf3 d5 2. c4 d4 3. b4 g6 4. Bb2 Bg7 5. g3 e5 6. d3 Ne7 7. Bg2 O-O 8. O-O a5
9. b5 c5 10. bxc6 Nexc6 11. Na3 Na6 12. Nd2 Bg4 13. Nb5 Qd7 14. Re1 Nc5 15. Ba3
Nb4 16. Qb1 Nca6 17. Nb3 b6 18. Bxa8 Rxa8 19. Bxb4 Nxb4 20. Nd2 f5 21. Qb3 Kh8
22. Na3 Qc6 23. Nc2 Bh3 24. f3 Nxc2 25. Qxc2 Bh6 26. Rab1 Re8 27. Rb5 e4 28.
dxe4 Be3+ 29. Kh1 fxe4 30. Nxe4 Bf5 31. Rd5 b5 32. Rb1 bxc4 33. Rbb5 Bxe4 34.
fxe4 Qf6 35. Qb1 Kg7 36. Rd7+ Kh6 37. Rbb7 Rh8 38. Rf7 Qc6 39. Rbe7 c3 40. Qf1
Qc8 41. Qf6 Bg5 42. Qg7+ Kh5 43. Re5 h6 44. Rf6 Rg8 45. Qe7 c2 46. Rxg5+ hxg5
47. Qh7+ Kg4 48. h3+ Kxg3 49. Rf3# 1-0

[Event "World Blitz 2016"]
[Site "Doha QAT"]
[Date "2016.12.29"]
[Round "6.46"]
[White "Volokitin, Andrei"]
[Black "Darini, Pouria"]
[Result "1-0"]
[WhiteTitle "GM"]
[BlackTitle "GM"]
[WhiteElo "2649"]
[BlackElo "2511"]
[WhiteFideId "14107090"]
[BlackFideId "12502200"]
[EventDate "2016.12.29"]

1. e4 c5 2. Nf3 d6 3. d4 cxd4 4. Nxd4 Nf6 5. Nc3 Bd7 6. Bg5 e6 7. Ndb5 Bxb5 8.
Bxb5+ Nc6 9. Qd2 h6 10. Bf4 a6 11. Be2 Be7 12. O-O-O Ne5 13. Bg3 g5 14. h4 Rg8
15. hxg5 hxg5 16. f3 Qc7 17. Kb1 b5 18. Bf2 Nfd7 19. g3 Nb6 20. Bxb6 Qxb6 21. f4
Nd7 22. f5 Ne5 23. fxe6 fxe6 24. Nd5 exd5 25. Qxd5 O-O-O 26. Rh7 Rge8 27. Bh5
Qc6 28. Qe6+ Qd7 29. Qd5 Qc6 30. Qe6+ Qd7 31. Qd5 Qc6 32. Qe6+ Qd7 33. Qd5 Kc7
34. Bxe8 Rxe8 35. a4 Qc6 36. Qe6 Qd7 37. Qd5 bxa4 38. Rd4 Qc6 39. Qa5+ Qb6 40.
Qxa4 Qb5 41. Qa3 Kd7 42. Qxd6+ Kc8 43. Rxe7 Qf1+ 44. Ka2 Rxe7 45. Qd8+ Kb7 46.
Qxe7+ Kc6 47. Qxe5 1-0

[Event "World Blitz 2016"]
[Site "Doha QAT"]
[Date "2016.12.29"]
[Round "6.47"]
[White "Anton Guijarro, David"]
[Black "Kayumov, Sergey"]
[Result "1-0"]
[WhiteTitle "GM"]
[BlackTitle "GM"]
[WhiteElo "2650"]
[BlackElo "2505"]
[WhiteFideId "2285525"]
[BlackFideId "14200880"]
[EventDate "2016.12.29"]

1. d4 Nf6 2. c4 Nc6 3. Nf3 e6 4. e3 Bb4+ 5. Bd2 Qe7 6. Qc2 O-O 7. Nc3 d6 8. a3
Bxc3 9. Bxc3 a5 10. Be2 e5 11. dxe5 dxe5 12. h3 a4 13. O-O Nd7 14. Nd2 Nc5 15.
Bf3 Bd7 16. Rfd1 Rfe8 17. Bb4 Nxb4 18. axb4 e4 19. bxc5 exf3 20. Nxf3 Bc6 21.
Nd4 Qxc5 22. Nxc6 Qxc6 23. Rd5 h6 24. Rd4 Re6 25. Rad1 Rg6 26. f3 Ra5 27. h4 Qf6
28. Rd8+ Kh7 29. R1d4 Re5 30. R8d5 h5 31. Rxe5 Qxe5 32. Qd3 Qg3 33. Qe2 c6 34.
Rf4 Kg8 35. Rd4 Re6 36. Qf2 Qe5 37. e4 Kh7 38. Qd2 Qc5 39. Kh2 Qe7 40. Qg5 Qc7+
41. Qg3 Qe7 42. Rd2 Rg6 43. Qf4 Qb4 44. e5 b5 45. Rc2 Qb3 46. Qd2 bxc4 47. Rc3
Qb4 48. Qc2 Qe7 49. Qe4 1-0

[Event "World Blitz 2016"]
[Site "Doha QAT"]
[Date "2016.12.29"]
[Round "6.48"]
[White "Quintiliano Pinto, Renato R."]
[Black "Zhang, Zhong"]
[Result "1-0"]
[WhiteTitle "IM"]
[BlackTitle "GM"]
[WhiteElo "2484"]
[BlackElo "2645"]
[WhiteFideId "2117568"]
[BlackFideId "8600694"]
[EventDate "2016.12.29"]

1. d4 e6 2. Nf3 Nf6 3. Bf4 c5 4. e3 d5 5. c3 Nc6 6. Nbd2 Bd6 7. Bg3 O-O 8. Bd3
b6 9. Qe2 Bb7 10. Rd1 h6 11. e4 Bxg3 12. hxg3 cxd4 13. cxd4 dxe4 14. Nxe4 Nb4
15. Nc3 Nxd3+ 16. Qxd3 Rc8 17. O-O a6 18. Rfe1 Qd6 19. Ne5 Rfd8 20. Qe2 b5 21.
a3 Qb6 22. Qe3 Rd6 23. Rd2 Rcd8 24. Red1 Qc7 25. f3 Nd5 26. Nxd5 Rxd5 27. g4 Qb6
28. Kf2 R5d6 29. f4 Ba8 30. g5 hxg5 31. fxg5 Qb7 32. Kg1 Qe4 33. Qf2 Qf5 34. Qg3
Rf8 35. Rf2 Qe4 36. g6 f6 37. Nf7 Rxd4 38. Rdf1 Qh4 39. Qe3 Bd5 40. Rf4 Rxf4 41.
Rxf4 Qh5 42. Qg3 e5 43. Rh4 Qd1+ 44. Kh2 Bxf7 45. Rh8+ Kxh8 46. Qh4+ 1-0

[Event "World Blitz 2016"]
[Site "Doha QAT"]
[Date "2016.12.29"]
[Round "6.49"]
[White "Pantsulaia, Levan"]
[Black "Atabayev, Yusup"]
[Result "1-0"]
[WhiteTitle "GM"]
[BlackTitle "IM"]
[WhiteElo "2607"]
[BlackElo "2473"]
[WhiteFideId "13602071"]
[BlackFideId "14001128"]
[EventDate "2016.12.29"]

1. Nf3 c5 2. c4 Nf6 3. Nc3 Nc6 4. g3 d5 5. cxd5 Nxd5 6. Bg2 Nc7 7. O-O e5 8. d3
Be7 9. Nd2 Be6 10. Nc4 f6 11. Bxc6+ bxc6 12. Qa4 Qd7 13. Be3 O-O 14. Na5 Nd5 15.
Qxc6 Nxe3 16. fxe3 Rfc8 17. Qxd7 Bxd7 18. b3 Rab8 19. Nc4 Be6 20. e4 h5 21. Nd5
Bf8 22. Rac1 Rd8 23. Nce3 Bd6 24. Nf5 Bxd5 25. exd5 Bf8 26. e4 Rb4 27. Rc4 Rdb8
28. Rfc1 Kf7 29. Rxb4 Rxb4 30. Rc4 Rxc4 31. dxc4 g6 32. Ne3 Bh6 33. Kf2 Ke7 34.
Ke2 Kd7 35. Nc2 a5 36. Ne1 f5 37. Nd3 Kd6 38. Kf3 Bd2 39. Nf2 Be1 40. h4 Bd2 41.
Nh3 Ke7 42. Ng5 Kf6 43. Ne6 Bb4 44. Nf8 g5 45. Nh7+ 1-0

[Event "World Blitz 2016"]
[Site "Doha QAT"]
[Date "2016.12.29"]
[Round "6.50"]
[White "Ghaem Maghami, Ehsan"]
[Black "Shytaj, Luca"]
[Result "1-0"]
[WhiteTitle "GM"]
[BlackTitle "IM"]
[WhiteElo "2574"]
[BlackElo "2435"]
[WhiteFideId "12500739"]
[BlackFideId "812633"]
[EventDate "2016.12.29"]

1. c4 e6 2. Nf3 b6 3. g3 Bb7 4. Bg2 f5 5. O-O Nf6 6. d4 Be7 7. d5 Qc8 8. Nc3 O-O
9. Bf4 Na6 10. Rc1 Nc5 11. Nd4 d6 12. Bh3 g6 13. b4 e5 14. bxc5 exd4 15. cxd6
cxd6 16. Qxd4 Nd7 17. Nb5 Qb8 18. Qe3 Ne5 19. Rfd1 Bf6 20. Qa3 Rd8 21. Bg2 a6
22. Nd4 Qc8 23. Ne6 Rd7 24. Qb4 Rb8 25. Qxb6 Ba8 26. Qa5 g5 27. Bxg5 Bxg5 28.
Nxg5 Nxc4 29. Qa4 Rc7 30. Ne6 Nb6 31. Qd4 1-0

[Event "World Blitz 2016"]
[Site "Doha QAT"]
[Date "2016.12.29"]
[Round "6.51"]
[White "Lalith, Babu M R"]
[Black "Hirneise, Jens"]
[Result "1-0"]
[WhiteTitle "GM"]
[BlackTitle "FM"]
[WhiteElo "2587"]
[BlackElo "2315"]
[WhiteFideId "5024595"]
[BlackFideId "24614734"]
[EventDate "2016.12.29"]

1. d4 Nf6 2. c4 g6 3. Nc3 Bg7 4. e4 d6 5. Be2 O-O 6. Bg5 c5 7. d5 e6 8. Qd2 exd5
9. exd5 Re8 10. Nf3 Qb6 11. O-O Bf5 12. Bd3 Bxd3 13. Qxd3 Nbd7 14. h3 Ne5 15.
Nxe5 Rxe5 16. Bf4 Re7 17. Rab1 Nd7 18. Ne4 Ne5 19. Qc2 Rae8 20. Bg5 Rc7 21. Rbe1
Rcc8 22. Nf6+ Bxf6 23. Bxf6 Nd7 24. Bc3 Rxe1 25. Rxe1 Qd8 26. Qe2 Qf8 27. Qg4
Rd8 28. Qf4 a6 29. a4 b6 30. b3 h6 31. h4 h5 32. Qg5 Re8 33. Re6 Ne5 34. Bxe5
dxe5 35. Rxe5 Rd8 36. Qe3 Kg7 37. Re7 Rd6 38. Qe5+ Rf6 39. d6 Qd8 40. d7 a5 41.
f3 Qa8 42. Qd5 Qd8 43. Re8 1-0

[Event "World Blitz 2016"]
[Site "Doha QAT"]
[Date "2016.12.29"]
[Round "6.52"]
[White "Saeed, Ishaq"]
[Black "Venkatesh, M.R."]
[Result "0-1"]
[WhiteTitle "FM"]
[BlackTitle "GM"]
[WhiteElo "2312"]
[BlackElo "2439"]
[WhiteFideId "9301453"]
[BlackFideId "5005779"]
[EventDate "2016.12.29"]

1. d4 d5 2. Nf3 Nc6 3. g3 Bf5 4. Bg2 e6 5. O-O Nb4 6. Na3 Nf6 7. Ne5 Be7 8. c3
Na6 9. Qa4+ c6 10. Bf4 Qc8 11. c4 O-O 12. Rac1 Nb4 13. Nb1 dxc4 14. Nc3 b5 15.
Qd1 Nbd5 16. Re1 Nxc3 17. bxc3 Be4 18. f3 Bg6 19. e4 Nd7 20. Nxg6 hxg6 21. Be3
Nb6 22. f4 Rd8 23. Qe2 Rb8 24. h4 Qd7 25. h5 gxh5 26. Qxh5 g6 27. Qe2 Bf8 28.
Bh3 f5 29. g4 Bg7 30. gxf5 exf5 31. Qg2 Qf7 32. exf5 gxf5 33. Qxc6 Nd5 34. Bd2
Rb6 35. Qc5 Bf8 36. Re5 Bxc5 37. dxc5 Rg6+ 38. Kf2 Nf6 39. Bxf5 Rxd2+ 40. Ke3
Rgg2 41. Re1 Nd5+ 42. Kf3 Rdf2+ 43. Ke4 Rxf4# 0-1

[Event "World Blitz 2016"]
[Site "Doha QAT"]
[Date "2016.12.29"]
[Round "6.53"]
[White "Gashimov, Sarkhan"]
[Black "Stratonowitsch, Andre"]
[Result "1/2-1/2"]
[WhiteElo "2351"]
[BlackElo "2138"]
[WhiteFideId "13400657"]
[BlackFideId "24613959"]
[EventDate "2016.12.29"]

1. d4 f5 2. e4 fxe4 3. Nc3 Nf6 4. Bg5 Nc6 5. d5 Ne5 6. Qd4 Nf7 7. h4 c6 8. O-O-O
Qb6 9. Qa4 Qxf2 10. Nh3 Qc5 11. Nxe4 Nxe4 12. Qxe4 d6 13. Nf4 Ne5 14. Nd3 Qxd5
15. Qxd5 cxd5 16. Nxe5 dxe5 17. Rxd5 Bd7 18. Bb5 Bxb5 19. Rxb5 O-O-O 20. Rxe5
Rd7 21. h5 Rg8 22. Rf1 h6 23. Be3 g5 24. hxg6 Bg7 25. Re6 Bf6 26. Bxh6 Rxg6 27.
Be3 Rxg2 28. b3 b6 29. a4 Kb7 30. Re4 Rc7 31. Rf2 Rxf2 32. Bxf2 Bg5+ 33. Kb2
Bf6+ 34. Kb1 Rd7 35. Re1 Kc6 36. Rh1 a6 37. Rf1 Rd5 38. Be3 b5 39. axb5+ axb5
40. Bc1 b4 41. Bb2 Rd6 42. Rf4 Kc5 43. Rf5+ Kc6 44. Bxf6 Rxf6 45. Re5 e6 46. Kb2
Kd6 47. Re4 Kc5 48. Rc4+ Kb5 49. Kc1 Rf5 50. Kd2 Rd5+ 51. Ke3 Rd6 52. Ke4 Rd5
53. Rc8 Rh5 54. Re8 Rh2 55. Kd3 Rh3+ 56. Kd4 Rc3 57. Rxe6 Rxc2 58. Re5+ Kb6 59.
Re3 Rc3 60. Rxc3 bxc3 61. Kxc3 Kc5 62. b4+ Kb5 63. Kb3 Kb6 64. Kc4 Kc6 65. b5+
Kb6 66. Kb4 Kb7 67. Ka5 Ka7 68. b6+ Kb7 69. Kb5 Kb8 70. Kc5 Kb7 71. Kb5 Kb8 72.
Ka6 Ka8 73. Ka5 Kb8 74. Ka6 Ka8 75. Kb5 Kb7 76. Kc5 Kb8 77. Kc6 Kc8 78. Kb5 Kb7
79. Ka5 Kb8 80. Ka6 Ka8 81. Kb5 Kb7 82. Kc5 Kb8 83. Kc6 Kc8 84. Kb5 Kb7 85. Kc5
Kb8 86. Kc6 Kc8 87. Kb5 Kb7 88. Ka5 Kb8 89. Kb5 Kb7 90. Kc5 Kb8 91. Kc4 Kb7 92.
Kb5 Kb8 93. Kb4 Kb7 94. Kc5 Kb8 95. Kb5 Kb7 96. Ka5 Kb8 97. Ka6 Ka8 98. Kb5 Kb7
99. Kc5 Kb8 100. Kc6 Kc8 101. Kb5 Kb7 102. Kc5 Kb8 103. Kc6 Kc8 104. b7+ Kb8
105. Kb6 1/2-1/2

[Event "World Blitz 2016"]
[Site "Doha QAT"]
[Date "2016.12.29"]
[Round "7.1"]
[White "Adly, Ahmed"]
[Black "Carlsen, Magnus"]
[Result "0-1"]
[WhiteTitle "GM"]
[BlackTitle "GM"]
[WhiteElo "2599"]
[BlackElo "2840"]
[WhiteFideId "10601619"]
[BlackFideId "1503014"]
[EventDate "2016.12.29"]

1. d4 Nf6 2. c4 e6 3. Nc3 Bb4 4. e3 O-O 5. Ne2 d5 6. a3 Be7 7. cxd5 exd5 8. g3
Re8 9. Bg2 a5 10. O-O Na6 11. Nf4 c6 12. b3 Nc7 13. Ra2 Bd6 14. f3 c5 15. Nce2
b6 16. g4 Ba6 17. Rf2 c4 18. bxc4 Bxc4 19. Ra1 b5 20. g5 Nd7 21. h4 b4 22. axb4
axb4 23. Rxa8 Qxa8 24. Ng3 g6 25. e4 Qa1 26. Qd2 b3 27. Kh2 Bxf4 28. Qxf4 Ne6
29. Qd2 Qxd4 30. Qe1 Ndc5 31. Bb2 Nd3 32. Bxd4 Nxe1 33. Bf6 d4 34. Bf1 Bxf1 35.
Nxf1 Rc8 36. Kg3 Rc2 37. Nd2 Nd3 38. Rh2 b2 39. Nb1 Rc1 40. Na3 Ra1 41. Rc2 Nec5
42. Bxd4 Rxa3 43. Bxb2 Ra2 44. Rc4 Rxb2 45. Rd4 Rb3 46. h5 gxh5 47. f4 Nxf4+ 0-1

[Event "World Blitz 2016"]
[Site "Doha QAT"]
[Date "2016.12.29"]
[Round "7.3"]
[White "Anand, Viswanathan"]
[Black "Jobava, Baadur"]
[Result "1/2-1/2"]
[WhiteTitle "GM"]
[BlackTitle "GM"]
[WhiteElo "2779"]
[BlackElo "2702"]
[WhiteFideId "5000017"]
[BlackFideId "13601520"]
[EventDate "2016.12.29"]

1. e4 d6 2. d4 Nf6 3. Nc3 e5 4. Nf3 Nbd7 5. Bc4 Be7 6. O-O O-O 7. Re1 a6 8. a4
b6 9. h3 Bb7 10. d5 Ne8 11. b4 Bc8 12. a5 b5 13. Bd3 g6 14. Ne2 Ng7 15. c4 bxc4
16. Bxc4 f5 17. Nc3 Nf6 18. Ng5 Kh8 19. b5 axb5 20. Bxb5 Bd7 21. Bc4 Nfh5 22.
Ne6 Bxe6 23. dxe6 c6 24. exf5 gxf5 25. Be2 Nf6 26. a6 Nxe6 27. Bf1 Nd7 28. Na4
d5 29. Qc2 Nd4 30. Qd1 Rg8 31. Bb2 c5 32. Bxd4 cxd4 33. Qb3 Bf6 34. Qxd5 Rg7 1/2-1/2